REFLEXE GEOMETRICKÉ HRY V PŘÍPRAVĚ UČITELŮ

Bibliographic Details
Main Authors: Stopenová, Anna (Author), Novák, Bohumil (Author)
Format: Article
Language:Czech
ISBN:809673394X

MARC

LEADER 00000naa a2200000uu 4500
001 vtls010940534
003 SK-MaSNL
005 20260302123056.0
008 220810|1995 xo |||||||||||||||||cze|
015 |a SNBRA 
035 |a (urnnbn)urn:nbn:sk:snk:ar-a0bbdc 
035 |a (uuid)25c5c7f4-c191-481a-b601-1f065d4b787d 
035 |a urn:nbn:sk:snk-aau3ne 
040 |a SNKBUCL  |b slo  |c SNKBUCL  |e AACR2 
041 0 |a cze 
044 |a xo  |c SK 
100 1 |a Stopenová, Anna  |4 aut  |9 46988 
245 1 0 |a REFLEXE GEOMETRICKÉ HRY V PŘÍPRAVĚ UČITELŮ  |c Anna Stopenová, Bohumil Novák 
700 1 |a Novák, Bohumil  |4 aut  |9 283769 
773 0 |t Technológie vzdelávania tretieho tisícročia  |d Nitra : SlovDidac, 1995  |g S. 213-216  |z 809673394X 
954 |a odborná, vedecká literatúra cudzojazyčná (svetová)  |2 lita 
958 |a OND 
958 |a article11 
958 |a chapter 
999 |c 1281113  |d 1283043